| 000 | 00457nam a2200121Ia 4500 | ||
|---|---|---|---|
| 008 | 190925s9999 xx 000 0 und d | ||
| 020 | _a9.7814909699e+012 | ||
| 245 |
_aHotel front office training manual with 231 SOP : _bProfessional front office management guide for hoteliers & hospitality students / |
||
| 260 |
_a[United States] : _bHotelier Tanji _c2014 |
||
| 300 | _a242 pages | ||
| 650 | _aHotel front desk personnel. | ||
| 650 | _aHotel management. | ||
| 999 |
_c362222 _d362222 |
||